Guess the Footballer by their Picture - Statistics

General Stats
  • This quiz has been taken 118 times
  • The average score is 9 of 20
Answer Stats
Picture Answer % Correct
Kylian Mbappe
100%
Lionel Messi
99%
Erling Haaland
94%
Ronaldinho
88%
Bruno Fernandes
81%
Leroy Sane
74%
Eduardo Camavinga
71%
Ademola Lookman
56%
Bobby Charlton
56%
Isco
48%
Warren Zaïre-Emery
41%
Willi Orban
34%
Pascal Groß
24%
Jack Wilshire
13%
Francisco "Paco" Gento
10%
Arthur Cabral
4%
Andreas Skov Olsen
2%
Dálcio
1%
Igor Paixão
1%
Shlomi Azulay
0%
No matching quizzes found
Score Distribution
Percent of People with Each Score
Percentile by Number Answered
Your Score History
You have not taken this quiz